000 00910cam a2200265 a 4500
001 22432652
003 OSt
005 20250620083720.0
008 220217t20212021enka b 001 0 eng d
020 _a9780323910170 (paperback)
040 _aYDX
_beng
_cNUST
_dNUST
_erda
050 0 0 _aQR63 ERK
100 1 _aErkmen, Osman,
_d1955-
_eauthor.
245 1 0 _aLaboratory practices in microbiology /
_cProf. Dr. Osman Erkmen
260 _aUnited Kingdom. :
_bAcademic Press,
_c©2021.
300 _axvii, 274 pages :
_billustrations (some color) ;
_c23 cm
336 _atext
_2rdacontent
_btxt
337 _aunmediated
_2rdamedia
_bn
338 _avolume
_2rdacarrier
_bnc
504 _aIncludes bibliographical references and index.
650 0 _aMicrobiology
_vLaboratory manuals.
650 7 _aMicrobiology.
650 7 _vMorphology of Microorganisms
942 _2lcc
_n0
_cBOOKS
_hQR63.ERK
_kQR
_mERK
999 _c172035
_d172035